Вып. 47; Прикладная геометрия и инженерная графика

Dettagli Bibliografici
Parent link:Прикладная геометрия и инженерная графика: республиканский межведомственный научно-технической сборник/ Киевский инженерно-строительный институт. Вып. 47.— , 1964-1991
Altri autori: Михайленко В. Е. (редактор)
Lingua:russo
Pubblicazione: 1989
Soggetti:
Natura: MixedMaterials Libro
KOHA link:https://koha.lib.tpu.ru/cgi-bin/koha/opac-detail.pl?biblionumber=250586

MARC

LEADER 00000nam2a2200000 4500
001 250586
005 20231101232558.0
035 |a (RuTPU)RU\TPU\book\272800 
035 |a RU\TPU\book\213510 
090 |a 250586 
100 |a 20110513d1989 k y0rusy50 ca 
101 0 |a rus 
102 |a UA 
105 |a a z 001zy 
200 0 |a Вып. 47  |f отв. ред. В. Е. Михайленко 
210 |d 1989 
215 |a 120 с.  |c ил. 
320 |a Библиография в конце статей 
461 1 |0 (RuTPU)RU\TPU\book\163655  |t Прикладная геометрия и инженерная графика  |o республиканский межведомственный научно-технической сборник  |f Киевский инженерно-строительный институт  |v Вып. 47  |d 1964-1991 
606 1 |a Геометрия прикладная  |2 stltpush  |3 (RuTPU)RU\TPU\subj\51669  |9 70242 
606 1 |a Инженерная графика  |2 stltpush  |3 (RuTPU)RU\TPU\subj\39243  |9 59411 
610 1 |a прикладная геометрия 
610 1 |a инженерная графика 
610 1 |a кривые линии 
610 1 |a поверхности 
610 1 |a исследование 
610 1 |a изображение 
610 1 |a применение 
610 1 |a машинная графика 
610 1 |a САПР 
675 |a 514.18  |v 3 
675 |a 76:621  |v 3 
702 1 |a Михайленко  |b В. Е.  |4 340 
801 1 |a RU  |b 63413507  |c 20140214 
801 2 |a RU  |b 63413507  |c 20160321  |g RCR 
942 |c BK